[Event "Foment Martinenc op-B 23rd"]
[Site "Barcelona"]
[Date "2023.05.20"]
[Round "5"]
[White "Garcia Corpas, Nicolas"]
[Black "Carrasco Gomez, Adahara"]
[Result "0-1"]
[WhiteElo "1519"]
[BlackElo "1744"]
[PlyCount "70"]
[EventDate "2023.04.22"]
[EventType "swiss"]
[EventRounds "9"]
[EventCountry "ESP"]
[SourceTitle "EXT 2024"]
[Source "ChessBase"]
[SourceDate "2023.10.10"]
[SourceVersion "1"]
[SourceVersionDate "2023.10.10"]
[SourceQuality "1"]

1. e4 c5 2. c3 Nf6 3. e5 Nd5 4. d4 cxd4 5. cxd4 e6 6. Bc4 Nb6 7. Bb3 d6 8. Bf4 Nc6 9. Nf3 dxe5 10. Bxe5 Nxe5 11. dxe5 Qxd1+ 12. Bxd1 Bb4+ 13. Nbd2 Nc4 14. Ba4+ Bd7 15. Bxd7+ Kxd7 16. b3 Bxd2+ 17. Nxd2 Nxe5 18. Ne4 Rac8 19. Rd1+ Ke7 20. Nd6 Rc2 21. Nxb7 Rxa2 22. 0-0 Rb8 23. Nc5 Rc2 24. Rc1 Rxc1 25. Rxc1 Rc8 26. Nd3 Rxc1+ 27. Nxc1 Kd6 28. f3 Kc5 29. Kf2 Kb4 30. Ke3 Kc3 31. Ke4 Nd7 32. f4 Nc5+ 33. Ke5 Nxb3 34. Na2+ Kb2 35. Nb4 a5 0-1

[Event "Foment Martinenc op-B 23rd"]
[Site "Barcelona"]
[Date "2023.05.06"]
[Round "3"]
[White "Carrasco Gomez, Adahara"]
[Black "Olvera Anton, Alejandro"]
[Result "0-1"]
[WhiteElo "1744"]
[BlackElo "1864"]
[PlyCount "98"]
[EventDate "2023.04.22"]
[EventType "swiss"]
[EventRounds "9"]
[EventCountry "ESP"]
[SourceTitle "EXT 2024"]
[Source "ChessBase"]
[SourceDate "2023.10.10"]
[SourceVersion "1"]
[SourceVersionDate "2023.10.10"]
[SourceQuality "1"]

1. e4 c5 2. Nc3 Nc6 3. Bb5 g6 4. Bxc6 bxc6 5. d3 Bg7 6. f4 Rb8 7. Nf3 Qa5 8. Qd2 Nf6 9. 0-0 0-0 10. Qe1 Ba6 11. Nh4 c4 12. dxc4 Bxc4 13. Rf3 d5 14. Bd2 Qc5+ 15. Kh1 Nxe4 16. Nxe4 dxe4 17. Qxe4 Bd5 18. Qe3 Bd4 19. Qe1 Bxf3 20. Nxf3 Bxb2 21. Rd1 Bf6 22. Ne5 Rfd8 23. Ng4 Bg7 24. Rc1 Rb2 25. Be3 Qf5 26. Nf2 Rxc2 27. Rxc2 Qxc2 28. Bxa7 Bc3 29. Qf1 Bd4 30. Bxd4 Rxd4 31. h3 Rxf4 32. Kg1 Qxa2 33. Qe1 Qxf2+ 34. Qxf2 Rxf2 35. Kxf2 Kg7 36. Ke3 Kf6 37. Kd4 Kf5 38. Ke3 c5 39. g3 Ke5 40. Kd3 f5 41. Ke3 c4 42. h4 h6 43. Kd2 Kd4 44. Kc2 e5 45. Kd2 c3+ 46. Kc2 e4 47. Kc1 Kd3 48. Kd1 c2+ 49. Kc1 e3 0-1

[Event "ESP-ch U14"]
[Site "Salobrena"]
[Date "2021.07.16"]
[Round "8"]
[White "Moll Pons, Jana"]
[Black "Carrasco Gomez, Adahara"]
[Result "1-0"]
[WhiteElo "1768"]
[BlackElo "1544"]
[PlyCount "97"]
[EventDate "2021.07.12"]
[EventType "swiss"]
[EventRounds "9"]
[EventCountry "ESP"]
[SourceTitle "EXT 2022"]
[Source "ChessBase"]
[SourceDate "2021.10.06"]
[SourceVersion "1"]
[SourceVersionDate "2021.10.06"]
[SourceQuality "1"]

1. e4 c5 2. Nf3 a6 3. d4 cxd4 4. Nxd4 Nf6 5. Nc3 e5 6. Nb3 Bb4 7. Qf3 d5 8. exd5 Bg4 9. Qg3 0-0 10. Bd2 Bxc3 11. Bxc3 Qxd5 12. Bd3 Nc6 13. 0-0 Nd4 14. h3 Bh5 15. f4 Be2 16. Rf2 exf4 17. Qxf4 Nxb3 18. axb3 Bxd3 19. Rd1 Ne4 20. Rxd3 Qc6 21. Rff3 Nxc3 22. Rxc3 Qe6 23. Rfe3 Qg6 24. Re7 b5 25. Rec7 Rad8 26. R3c6 Qh5 27. Rxa6 Ra8 28. Ra3 Rac8 29. Raa7 h6 30. Kh2 Rce8 31. b4 Re2 32. Ra6 Qd5 33. Qg3 Kh8 34. Rc5 Qe4 35. Qg4 Qb7 36. Rxh6+ gxh6 37. Qxe2 Rg8 38. Qe5+ Kh7 39. Qf5+ Kh8 40. Qd5 Qa7 41. Qe5+ Kh7 42. Rc7 Qf2 43. Qe4+ Kh8 44. Rc3 Qd2 45. Rc6 Qg5 46. c4 bxc4 47. Rxc4 Qb5 48. Qf4 Qb7 49. Qxh6# 1-0

[Event "Barcelona Sant Marti op-B 21st"]
[Site "Barcelona"]
[Date "2019.07.19"]
[Round "7"]
[White "Maqueda Berdugo, Francisco"]
[Black "Carrasco Gomez, Adahara"]
[Result "1/2-1/2"]
[WhiteElo "1729"]
[BlackElo "1358"]
[PlyCount "55"]
[EventDate "2019.07.13"]
[EventType "swiss"]
[EventRounds "9"]
[EventCountry "ESP"]
[SourceTitle "EXT 2020"]
[Source "ChessBase"]
[SourceDate "2019.10.17"]
[SourceVersion "1"]
[SourceVersionDate "2019.10.17"]
[SourceQuality "1"]

1. e4 c5 2. Nf3 e6 3. d4 cxd4 4. Nxd4 a6 5. Nc3 Qc7 6. Be2 Nc6 7. 0-0 Nf6 8. Kh1 Be7 9. f4 d6 10. f5 Nxd4 11. Qxd4 0-0 12. fxe6 fxe6 13. Bg5 b5 14. Bxf6 Bxf6 15. Qd2 Bb7 16. Bg4 Rfe8 17. Bh5 Rf8 18. Bg4 Rfe8 19. Bh5 Rf8 20. Bg4 Rfe8 21. Bh5 Re7 22. Qe2 Bxc3 23. bxc3 Qxc3 24. Qf2 g6 25. Bg4 Qg7 26. Qb6 Qe5 27. Rae1 Kg7 28. Qf2 1/2-1/2

[Event "Roncana op-C 11th"]
[Site "Santa Eulalia de Roncana"]
[Date "2017.09.23"]
[Round "1.3"]
[White "Carrasco Gomez, Adahara"]
[Black "Martinez Gueldos, Ferran"]
[Result "0-1"]
[WhiteElo "1394"]
[BlackElo "1700"]
[PlyCount "156"]
[EventDate "2017.09.23"]
[EventType "swiss"]
[EventRounds "8"]
[EventCountry "ESP"]
[SourceTitle "EXT 2024"]
[Source "ChessBase"]
[SourceDate "2023.10.10"]
[SourceVersion "1"]
[SourceVersionDate "2023.10.10"]
[SourceQuality "1"]

1. e4 e5 2. Nf3 Nc6 3. Bc4 Bc5 4. d3 h6 5. c3 Qf6 6. 0-0 Nge7 7. Nbd2 0-0 8. Re1 Na5 9. Bb3 Nxb3 10. Nxb3 Bb6 11. Rf1 Re8 12. a4 c6 13. a5 Bc7 14. Be3 d5 15. h3 Rd8 16. Qe2 dxe4 17. dxe4 Qg6 18. Kh1 Qxe4 19. Rad1 Be6 20. Nc5 Bc4 21. Rxd8+ Rxd8 22. Nxe4 Bxe2 23. Re1 Rd1 24. Rxd1 Bxd1 25. b4 Nd5 26. Bxa7 f5 27. Ned2 Bxf3 28. gxf3 Nxc3 29. Bc5 Na4 30. Nb3 b6 31. Be3 bxa5 32. bxa5 f4 33. Ba7 Kf7 34. Kg1 Ke8 35. Kf1 Kd8 36. Ke2 Kc8 37. a6 Bb6 38. Bxb6 Nxb6 39. Nc5 Kb8 40. Kd3 Ka7 41. Kc3 Nd5+ 42. Kc4 Nc7 43. h4 Nxa6 44. Nxa6 Kxa6 45. Kc5 Kb7 46. Kd6 Kb6 47. Kxe5 c5 48. Ke4 Kb5 49. Kd3 c4+ 50. Kc3 g6 51. Kc2 Kb4 52. Kb2 c3+ 53. Kc1 Kb3 54. Kb1 Kb4 55. Kc1 Kc4 56. Kc2 Kd4 57. Kc1 Kd3 58. Kd1 c2+ 59. Kc1 Ke2 60. Kxc2 Kxf2 61. Kd2 Kxf3 62. Ke1 Kg2 63. Ke2 f3+ 64. Ke3 f2 65. Ke4 f1Q 66. Ke5 Qf3 67. Ke6 Qf4 68. Ke7 Qf5 69. Ke8 Qf6 70. Kd7 Kf3 71. Ke8 Qg7 72. Kd8 Qf7 73. Kc8 Qe7 74. Kb8 Qd7 75. Ka8 Ke4 76. Kb8 Kd5 77. Ka8 Kc6 78. Kb8 Qb7# 0-1

[Event "Roncana op-C 10th"]
[Site "Santa Eulalia de Roncana"]
[Date "2016.10.22"]
[Round "5"]
[White "Carrasco Gomez, Adahara"]
[Black "Vazquez Viladrosa, Victor"]
[Result "1-0"]
[WhiteElo "1310"]
[BlackElo "1647"]
[PlyCount "69"]
[EventDate "2016.09.24"]
[EventType "swiss"]
[EventRounds "8"]
[EventCountry "ESP"]
[SourceTitle "EXT 2022"]
[Source "ChessBase"]
[SourceDate "2021.10.06"]
[SourceVersion "1"]
[SourceVersionDate "2021.10.06"]
[SourceQuality "1"]

1. e4 e5 2. Nf3 Nc6 3. d4 exd4 4. Nxd4 Nxd4 5. Qxd4 Nf6 6. Qd1 Bb4+ 7. c3 Ba5 8. b4 Bb6 9. Bc4 Nxe4 10. 0-0 Nd6 11. Bb3 0-0 12. Bc2 Nb5 13. c4 Nd4 14. Bd3 d6 15. Bb2 Bf5 16. Bxd4 Bxd3 17. Bb2 Bxb1 18. Rxb1 d5 19. c5 d4 20. cxb6 axb6 21. Bxd4 Qe7 22. Qf3 Rad8 23. Rbd1 Qf6 24. Bxf6 gxf6 25. Rxd8 Rxd8 26. Qxf6 Re8 27. Qc3 Rf8 28. Qxc7 f6 29. Qxb7 Re8 30. h3 Rf8 31. Re1 Kh8 32. Qe7 Kg8 33. Re3 h5 34. Rg3+ Kh8 35. Qg7# 1-0

[Event "Roncana op-C 10th"]
[Site "Santa Eulalia de Roncana"]
[Date "2016.10.01"]
[Round "2"]
[White "Carrasco Gomez, Adahara"]
[Black "Cortes Danes, Natalia"]
[Result "1-0"]
[WhiteElo "1310"]
[BlackElo "1500"]
[PlyCount "43"]
[EventDate "2016.09.24"]
[EventType "swiss"]
[EventRounds "8"]
[EventCountry "ESP"]
[SourceTitle "EXT 2018"]
[Source "ChessBase"]
[SourceDate "2017.10.13"]
[SourceVersion "1"]
[SourceVersionDate "2017.10.13"]
[SourceQuality "1"]

1. e4 e5 2. Nf3 Nc6 3. g3 Nf6 4. Nc3 Bb4 5. Bh3 0-0 6. 0-0 b6 7. a3 Bxc3 8. bxc3 Ba6 9. Re1 d6 10. Bb2 Nh5 11. Bf1 Qg5 12. Nxg5 Bc8 13. Qxh5 h6 14. Nf3 Ne7 15. d4 exd4 16. Nxd4 g6 17. Qxh6 Re8 18. Nb5 Bg4 19. c4 a6 20. Nxc7 Nc6 21. Nxa8 Rxa8 22. Qg7# 1-0